000 00971cab a2200289 4500
001 ABS51891
008 090401t1994 xxu||||| |||| 00| 0 eng d
035 _a(Sirsi) u49038
041 _aeng
100 _aPowell-Smith, V.
245 _aOnce more into the breach of contract, dear subs
260 _c1994
350 _a0
490 _aContract Journal
_v376(6005) 15 December 1994, 14(1)
520 _aRefers to leading cases, the most recent being "Babcock Energy Ltd v Lodge Sturtevant Ltd" (1994), on subcontractors` liability.
650 _aBABCOCK ENERGY LTD V LODGE STURTEVANT LTD
650 _aBIGGIN & CO LTD V PERMANITE LTD
650 _aCONTRACT CLAIMS
650 _aELBINGER V ARMSTRONG
650 _aLIABILITY
650 _aMAIN CONTRACTORS
650 _aMARTIN GRANT AND CO LTD V SIR LINDSAY PARKINSON & CO LTD
650 _aSUBCONTRACTORS
690 _aBUILT ENVIRONMENT-BUILDING CONTRACT FORMS
942 _n0
948 _c04/03/1997
999 _c30734
_d30734